| 000 | 02066nam a22002657a 4500 | ||
|---|---|---|---|
| 001 | 48156 | ||
| 003 | UA-OsUOA | ||
| 005 | 20260401141627.0 | ||
| 007 | ta | ||
| 008 | 20070830b un ||un a|||| 00| 0 ukrf|ukr d | ||
| 020 | _a9668575148 | ||
| 040 |
_aUA-OsUOA _bukr _cUA-OsUOA _dUA-OsUOA |
||
| 041 | _aukr | ||
| 080 | _a821.161.2 | ||
| 090 |
_a821.161.2 _bБ81 |
||
| 100 |
_aБондарчук А. _924838 |
||
| 245 |
_aЗнімали у тайзі кіно про хліб _cАндрій Бондарчук |
||
| 260 |
_aЛуцьк _bВМА "Терен" _c2004 |
||
| 300 | _a80 с. | ||
| 520 | _aКнига Андрія Бондарчука - художня повість, що підсилюються документальною частиною. Це важка розповідь про дві чорні сторінки багатостраждальної реальності з життя українського народу - голодомор 1932-1933 років, що мав своє продовження і в повоєнні роки, в тому числі й на Волині. І хча йдеться про трагедію цілої нації, книга не сіє зерен безвиході і приреченості, а підкреслює незнищенність українсбкого етносу, його духу попри параноїдальне прагнення наших недругів. З книги випливає висновок: нація, держава народ живе, а держава міцна, коли ми здатні боротися, бути пильними. Бо ще раз пройти таку Голгофу - значить втратити Україну назавжди. Книга розрахована на широке коло читачів різних вікових груп. | ||
| 650 | 7 |
_a82 Література. Літературознавство _2UDC _915 |
|
| 942 |
_cBK _2udc |
||
| 955 | _a3 | ||
| 999 |
_c334269 _d334269 |
||